000 00655nam a2200289Ia 4500
005 20260324122915.0
008 008 260324s9999 xx 000 0 eng d
020 _a9780203162545
037 _aEBOOK
040 _aCRL
040 _beng
040 _cCRL
041 _2eng
041 _aeng
084 _qCRL
100 _aDewey Thorbeck
_91168286
245 0 _aRural Design
245 2 _bA New Design Discipline
260 _bTaylor and Francis
260 _c2012
365 _a
365 _b300
856 _uhttp://www.taylorfrancis.com/books/9780203162545
942 _cEBOOK
999 _c1761360
_d1761360